| 000 | 00504nam a2200169 i 4500 | ||
|---|---|---|---|
| 001 | 22653 | ||
| 003 | ES-MaACL | ||
| 005 | 20230906152732.0 | ||
| 007 | t| | ||
| 008 | 021204s1971 sp ||||1| spa d | ||
| 100 | 1 |
_aAltavilla, Enrico. _920524 |
|
| 245 | 1 | 0 |
_aProceso a los padres / _cEnrico Altavilla ; [traducción: Consuelo G. de Ortega]. |
| 260 |
_a[Barcelona] : _bMateu, _c[1971] |
||
| 300 |
_a246 p. ; _c24 cm. |
||
| 700 | 1 |
_aOrtega, Consuelo G. de. _987399 |
|
| 852 |
_aES-MaACL _jC-44058 _bR.76417 |
||
| 999 |
_c22653 _d22653 |
||